| 000 | 00835nam a22002537a 4500 | ||
|---|---|---|---|
| 001 | 1468 | ||
| 003 | CO-MdFUSB | ||
| 005 | 20180622072713.0 | ||
| 008 | 170316t1973 xxu||||| |||| 00| 0 eng d | ||
| 040 |
_aCO-MdFUSB _bspa _cCO-MdFUSB _dCO-MdFUSBC _erda |
||
| 041 | 0 | _aeng | |
| 082 | 0 | 4 | _aG 201.6 O118p |
| 100 | 1 |
_aOates, Wayne E. (Edward) (1917-) _eautor |
|
| 245 | 1 | 4 |
_aThe psychology of religion / Wayne E. Oates _b: _c/ |
| 264 | 4 |
_aWaco, TX., USA : _b Word, _c©1973 |
|
| 300 |
_a291Pag. _b: _c; |
||
| 336 |
_2rdacontent _a1 _ba1 |
||
| 337 |
_2rdamedia _a2 _b5 |
||
| 338 |
_2rdacarrier _a2 _b5 |
||
| 501 | _aPasta dura | ||
| 505 | 0 | 0 | _aPsicología de la religión - Desarrollo de la religión - Misticism, magia y fantasía - El pecado y el perdón - La religión contra la fe |
| 653 | _aPsicología de la religión | ||
| 942 | _cBK | ||
| 999 |
_c32788 _d32788 |
||